000 00267nam a2200097 4500
100 _aThorpe, Dale A.
245 _aStudy Guide for Speaking Professionally Module 3 Lesson 11-17
260 _aUSA:
_bLingua Marketing International,
_c1993.
300 _a111p. ;
942 _cBK
999 _c7678
_d7678